000 00773nam a2200241Ia 4500
003 OSt
005 20220924132603.0
006 a|||||r|||| 00| 0
007 ta
008 220923b |||||||| |||| 00| 0 san d
024 _a73635
037 _cTextual
040 _aARTS
_cARTS
_bsan
041 _2san
_asan
082 _aR621x1,1,1,K30, 15K3
100 _aPrasasta Pada
_982037
245 0 _aPrasasta Pada bhasya
_b Padarthadharma sangraha with 'Nyayakandali' of Sridhara Bhatta along with tr by Durgadhar Jha
260 _c1963
490 _aganganatha Joha Granthamala ed by Kshetresachandra Chattopadhyaya; 1
650 _aNAYA PHILOSOPHY
_95683
942 _hR621x1,1,1,K30, 15K3
_cTEXL
_2CC
999 _c430777
_d430777